00438nam a2200181Ia 450000500170000000800410001702000180005804100080007608200150008410000160009924500300011525000120014526000340015730000090019150000200020065000200022070000160024020230302170500.0230125s9999 xx 000 0 und d a9788183763899 aeng a659.1bCHO aChordia D S aMass Media And Television a1st Ed. c2013bABD PublicationaJaipur a312p aadvertising;IMC aadvertising;IMC aChordia D S